Т. 1: Теория потребительского поведения и спроса; Вехи экономической мысли; Опыт новой теории измерения жребия; О мере полезности гражданских сооружений; Об общей математической теории политической экономии; Краткое сообщение об общей математической теории политической экономии

書誌詳細
Parent link:Вехи экономической мысли/ под ред. В. М. Гальперина. Т. 1: Теория потребительского поведения и спроса.— , 1999-
言語:ロシア語
出版事項: 1999
TOC:Д. Бернулли, Опыт новой теории измерения жребия;
Ж. Дюпюи, О мере полезности гражданских сооружений;
Об общей математической теории политической экономии;
У. С. Джевонс, Краткое сообщение об общей математической теории политической экономии;
主題:
フォーマット: 図書
KOHA link:https://koha.lib.tpu.ru/cgi-bin/koha/opac-detail.pl?biblionumber=14018

MARC

LEADER 00000nam2a2200000 4500
001 14018
005 20231030185336.0
010 |a 5900428486 
035 |a (RuTPU)RU\TPU\book\14106 
035 |a BOOK00014175 
090 |a 14018 
100 |a 20011209d1999 m y0rusy50 ca 
101 0 |a rus 
102 |a RU 
105 |a a j 000zy 
200 0 |a Т. 1: Теория потребительского поведения и спроса 
210 |d 1999 
215 |a 380 с. 
320 |a Библиография в примечаниях. 
320 |a Биографические справки: с. 377-380. 
461 1 |0 (RuTPU)RU\TPU\book\65153  |t Вехи экономической мысли  |f под ред. В. М. Гальперина  |v Т. 1: Теория потребительского поведения и спроса  |d 1999-  |s Библиотека "Экономической школы" 
464 |t Опыт новой теории измерения жребия  |f Д. Бернулли  |g пер. А. Нардова 
464 |t О мере полезности гражданских сооружений  |f Ж. Дюпюи  |g пер. Л. Горшкова 
464 |t Об общей математической теории политической экономии 
464 |t Краткое сообщение об общей математической теории политической экономии  |f У. С. Джевонс  |g пер. А. Глыбина  |a Джевонс, Уильям Стэнли 
610 1 |a экономика 
610 1 |a экономическая мысль 
610 1 |a история 
610 1 |a потребление 
610 1 |a спрос 
610 1 |a потребительское потребление 
610 1 |a хрестоматии 
610 1 |a учебные пособия 
686 |a У02(0)я73  |v LBC/SL-A  |2 rubbk 
801 0 |a RU  |b 63413507  |c 20011209  |g PSBO 
801 2 |a RU  |b 63413507  |c 20220216  |g PSBO 
942 |c BK